LEADER 01509nam a2200301 a 4500 001 000000156695 003 CaOOAMICUS 005 20161124170859.0 008 161124s1992 it u000 u eng r 032 $aLibriCat 040 $aPUL$bita 100 1 $aO'Donnell, Kelly Elizabeth,.$0(OLS)http://pul/name/99936 245 10$aAlienation of temporal goods in the codification of the legislation in the Church / $cKelly Elizabeth O'Donnell . 260 $aRomae :$b[s.n.],$c1992. 300 $a50 p. ;$c24 cm. 502 $aEstratto da Tesi -- Pontificium Athenaeum Antonianum. Facultas Juris Canonici. 1992. 504 $aBibliografia in nota. 650 04$aDiritto canonico$xStudi.$0(OLS)http://pul/subject/689 710 2 $aPontificio Ateneo Antoniano.$bFacoltà di Diritto Canonico.$kTesi.$0(OLS)http://pul/name/99826 850 $aPUL 852 $aPUL$W1$xDP1 Tesi Pon. At. Antonianum$y30$mTH ANT IUS100$j179983$qTesi$B183106$CPULBib$Z2$F183106 $H70260 $82 910 $aPontificia Università Antonianum.$bFacoltà di diritto canonico.$kTesi$999826 910 $aPontificia Università Antonianum.$bFacoltà di diritto canonico.$kTesi$999826 910 $aPontificium Athenaeum Antonianum.$bFacultas Iuris Canonici$kTesi$999826 941 1 $a16 996 $6245$aAlienation of temporal goods in the codification of the legislation in the Church / $9(OLS)http://pul/title/196307 996 $6260$aRomae :$b[s.n.]$9(OLS)http://pul/publisher/48223 LEADER 01663nam a2200313 a 4500 001 000000174997 003 CaOOAMICUS 005 20220222124828.0 008 220222s2020 it m u000 u ita r 032 $aLibriCat 040 $aPUL$bita 100 1 $aRossi, Manuel.$0(OLS)http://pul/name/112507 245 13$aIl binomio evangelizzazione-inculturazione in Evangelii nuntiandi, Redemptoris missio, Evangelii gaudium : $bacquisizioni teologico-pastorali del nesso Vangelo-cultura /$cManuel Rossi. 260 $aPadova :$b[s.n.],$c2020. 300 $a360 p.;$c25 cm 502 $aTesi di Dottorato- Facoltà Teologica del Triveneto, 2020. 504 $aBibliografia: p. 298-353. 610 24$aPapi (2013-2025 : Franciscus)$tEvangelii Gaudium.$0(OLS)http://pul/subject/41351 610 24$aPapi (1978-2005 : Iohannes Paulus PP. II).$tRedemptoris Missio.$0(OLS)http://pul/subject/45293 610 24$aPapi (1963-1978 : Paulus PP. VI).$tEvangeli nuntiandi.$0(OLS)http://pul/subject/23590 650 4$aEvangelizzazione$ySec. XXI.$0(OLS)http://pul/subject/27584 650 4$aEvangelizzazione$ySec. XX.$0(OLS)http://pul/subject/40507 710 2 $aFacoltà Teologica del Triveneto.$kTesi.$0(OLS)http://pul/name/86198 850 $aPUL 852 $aPUL$W1$xDP1 Tesi Varie$y51$m2020 B 9$j197763$qTesi$B203973$CPULBib$Z2$F203973 $82 941 1 $a16 996 $6245$aIl binomio evangelizzazione-inculturazione in Evangelii nuntiandi, Redemptoris missio, Evangelii gaudium : $bacquisizioni teologico-pastorali del nesso Vangelo-cultura$9(OLS)http://pul/title/216392 996 $6260$aPadova :$b[s.n.]$9(OLS)http://pul/publisher/63332